000 00470nam a2200181Ia 4500
005 20250326124705.0
008 250326s9999 xx 000 0 und d
037 _aTextbook
040 _aFMSL
_beng
_cFMSL
041 _aeng
_2eng
084 _aX:89A L02
_qFMSL
100 _aLock D
_9737803
245 0 _aProject management
_cLock D
260 _aLondon
_bLondon, Gower
_c1970
300 _a210p
942 _cTB
_hX:89A L02
999 _c1274768
_d1274768